India Time has come / (Record no. 42585)

MARC details
000 -LEADER
fixed length control field 00648nam a22001937a 4500
005 - DATE AND TIME OF LATEST TRANSACTION
control field 20100819152536.0
010 ## - LCCN (DPL NO)
LC control number ENG-100999
020 ## - INTERNATIONAL STANDARD BOOK NUMBER
International Standard Book Number 9788183689120
Terms of availability 100.00
035 ## - SYSTEM CONTROL NUMBER
System control number EN-84532
037 ## - SOURCE OF ACQUISITION
Source of stock number/acquisition DBAD/PUB
082 ## - DEWEY DECIMAL CLASSIFICATION NUMBER
Classification number 954.01
100 ## - MAIN ENTRY--PERSONAL NAME
Personal name Gurumurthy, S
245 ## - TITLE STATEMENT
Title India Time has come /
Statement of responsibility, etc by S Gurumurthy
260 ## - PUBLICATION, DISTRIBUTION, ETC. (IMPRINT)
Place of publication, distribution, etc Chennai
Name of publisher, distributor, etc Oxygen Books
Date of publication, distribution, etc 2008
270 ## - ADDRESS
Address 33/15, Eldams Road
City Chennai
Postal code 600018
300 ## - PHYSICAL DESCRIPTION
Extent 136p
Dimensions 21cm(pbk)
942 ## - ADDED ENTRY ELEMENTS (KOHA)
Source of classification or shelving scheme Dewey Decimal Classification
Item type English Books
Classification part 954.01
Call number suffix GUR
Holdings
Withdrawn status Lost status Not for loan Collection code Home library Current library Date acquired Source of acquisition Cost, normal purchase price Full call number Barcode Copy number Cost, replacement price Koha item type
    Not For Loan Non-fiction D.B.Act.Division D.B.Act.Division 19/08/2010 DBAD/PUB 100.00 954.01 GUR EN-84532 1 100.00 English Books

© Delhi Public Library
Hit Counter
free hit counter